Methods- Testing raw rubber and unvulcanized compounded rubber. Part 1. Sampling and further preparative procedures. (Record no. 73012)

MARC details
000 -LEADER
fixed length control field 00452nam a2200133Ia 4500
245 #0 - TITLE STATEMENT
Title Methods- Testing raw rubber and unvulcanized compounded rubber. Part 1. Sampling and further preparative procedures.
260 ## - PUBLICATION, DISTRIBUTION, ETC. (IMPRINT)
Year of publication 1976
500 ## - GENERAL NOTE
General note Standard number: BS 1673 Part 1
650 ## - SUBJECT ADDED ENTRY--TOPICAL TERM
Topical Term Preparative procedures
650 ## - SUBJECT ADDED ENTRY--TOPICAL TERM
Topical Term Raw rubber :Unvulcanised compounded rubber
650 ## - SUBJECT ADDED ENTRY--TOPICAL TERM
Topical Term Sampling
942 ## - ADDED ENTRY ELEMENTS (KOHA)
Koha item type Standards
Holdings
Withdrawn status Lost status Damaged status Not for loan Collection code Home library Current library Date acquired Koha item type
      Standards British standards RRII Library RRII Library 31/12/2021 Standards